000
00308nam a2200169Ia 4500
100
_a
Kanetkar/ Yashavant
650
_a
Java
942
_c
BK
366
_f
20
654
_a
java
245
_a
Let us Java
260
_b
BPB
_c
2021
082
_b
KAN
300
_a
468
546
_a
ENGLISH
999
_c
19047
_d
19047